000 00721nam a2200241Ia 4500
003 OSt
005 20220912151033.0
006 a|||||r|||| 00| 0
007 ta
008 220909b |||||||| |||| 00| 0 eng d
024 _a22887
037 _cTextual
040 _aCSL
_beng
_cCSL
041 _aeng
082 _aB331,1:1, L7
100 _aEtgen Garret J
245 0 _aIntroduction to ordinary differential eqautions with difference equations,numerical methods, and applications
260 _aNew York
_b Harper and Ro
_c1977
300 _ax, 517p.
_ccm.
700 _a Morris William L
942 _hB331,1:1, L7
_cTEXL
_2CC
999 _c59924
_d59924